Russia Euro 2021 Squad - Statistics

General Stats
  • This quiz has been taken 15 times
  • The average score is 11 of 26
Answer Stats
Position Club Player % Correct
MF Valencia CF Denis Cheryshev
90%
MF AS Monaco Aleksandr Golovin
80%
GK Dynamo Moscow Anton Shunin
80%
FW Atalanta Aleksei Miranchuk
70%
FW Zenit St. Petersburg Artem Dzyuba
70%
DF Zenit St. Petersburg Vyacheslav Karavaev
60%
DF Antalyaspor Fedor Kudryashov
50%
DF CSKA Moscow Igor Diveev
50%
MF Spartak Moscow Roman Zobnin
50%
GK Rubin Kazan Yuri Dyupin
50%
FW FC Krasnodar Aleksei Ionov
40%
MF Zenit St. Petersburg Andrei Mostovoy
40%
DF Akhmat Grozny Andrei Semenov
40%
DF Spartak Moscow Georgi Dzhikiya
40%
DF CSKA Moscow Mario Fernandes
40%
GK FC Krasnodar Matvei Safonov
40%
FW Spartak Moscow Aleksandr Sobolev
30%
MF Zenit St. Petersburg Daler Kuzyaev
30%
MF Lokomotiv Moscow Dmitri Barinov
30%
MF Zenit St. Petersburg Yuri Zhirkov
30%
FW CSKA Moscow Anton Zabolotny
20%
MF Dynamo Moscow Daniil Fomin
20%
FW Rubin Kazan Denis Makarov
20%
MF Zenit St. Petersburg Magomed Ozdoev
10%
MF CSKA Moscow Maksim Mukhin
10%
MF Lokomotiv Moscow Rifat Zhemaletdinov
10%
No matching quizzes found
Score Distribution
Percent of People with Each Score
Percentile by Number Answered
Your Score History
You have not taken this quiz